000 02215cam a2200361 a 4500
005 20100820141037.0
008 091116s2011 caua b 001 0 eng
010 _aENG-101391 B-430903-906
020 _a9788132105275
_c550.00
035 _aEN-84924 B-430903-906
037 _bDBAD/PUB
037 _bAllied Pub/Ven
040 _aDpl
_bEng
082 0 0 _a658.408
100 1 _aWerther, William B.
_917907
245 1 0 _aStrategic corporate social responsibility :
_bstakeholders in a global environment /
_cby William B. Werther, Jr. [and] David Chandler
250 _a2nd ed
260 _aNew Delhi
_bSAGE Publications
_c2010
270 _aB1/I-1 Mohan Cooperative Industrial Area, Mathura Road
_bNew Delhi
_e110044
300 _axxxii,415 p. :
_bill.
_c24cm (pbk)
500 _aIncludes bibliographical references and indexes.
650 0 _aSocial responsibility of business.
_917908
650 0 _aSocial responsibility of business
_vCase studies.
_917909
700 1 _aChandler, David
_d1969-
_917910
942 _2ddc
_cBN
_h658.408
_mWER
999 _c43354
_d43354